=LDR 00000nam 2200000 4500 =001 INLIS000000000044718 =005 20131008110623 =008 ***********************************Ind** =035 ##$$0010-101300000002640 =041 ##$$a Ind =082 ##$$a 658.3 =090 ##$$a 658.3 , Mob p =100 ##$$a Mobley, William H =245 ##$$a Pergantian Karyawan , Sebab-akibat dan pengendaliannya , William H. Mobley =260 ##$$a 1986 $b Jakarta =850 ##$$a NBPNMAT